Normal view
MARC view
Entry Topical Term
001 - CONTROL NUMBER
- control field: 41286
003 - CONTROL NUMBER IDENTIFIER
- control field: dpl
005 - DATE AND TIME OF LATEST TRANSACTION
- control field: 20120209110231.0
008 - FIXED-LENGTH DATA ELEMENTS
- fixed length control field: 120209|||a|||||| | ||| d
040 ## - CATALOGING SOURCE
- Original cataloging agency: dpl
- Transcribing agency: dpl
150 ## - HEADING--TOPICAL TERM
- Topical term or geographic name as entry element: Music
- General subdivision: History and criticism.
- Geographic subdivision: India
- Geographic subdivision: Tamil Nadu
670 ## - SOURCE DATA FOUND
- Source citation: Work cat.: (dpl)52655: Venkatasubramanian, T. K. 41285, Music as history in Tamilnadu /, 2010
670 ## - SOURCE DATA FOUND
- Source citation: Work cat.: (dpl)52655: Venkatasubramanian, T. K. 41285, Music as history in Tamilnadu /, 2010
